000 00452nam a2200145Ia 4500
008 191206s9999 xx 000 0 und d
020 _a706415523
090 _aPS2602X
245 0 _acomplete tales of mystery and imagination ; The narrative of Arthur Gordon Pym ; The raven and other poems
260 _aOctopus Books
260 _bTreasury of world masterpieces
260 _cc1981
300 _a782 p. : ill. ; 25 cm.
999 _c15721
_d15721